|
|
|
|
| LEADER |
00000nam a2200000 a 4500 |
| 001 |
vtls009188126 |
| 003 |
SK-MaSNL |
| 005 |
20260301210642.0 |
| 007 |
co cg mnuua |
| 008 |
080303s2007 xo fsp 000 0 slo |
| 015 |
|
|
|a SNBS2008/02-00655
|
| 020 |
|
|
|a 9788089299096 (elektronická kniha)
|
| 040 |
|
|
|a SNK
|b slo
|c SNK
|e AACR2
|
| 041 |
0 |
|
|a slo
|
| 044 |
|
|
|a xo
|c SK
|
| 072 |
|
7 |
|a 004
|x Počítačová veda. Výpočtová technika. Informačné technológie
|2 konspekt
|
| 080 |
|
|
|a 004.032.6
|2 2001
|
| 080 |
|
|
|a 004.056
|2 2001
|
| 080 |
|
|
|a 004.7
|2 2001
|
| 080 |
|
|
|a 621.391.037.37
|2 2001
|
| 080 |
|
|
|a 004.415.3
|2 2001
|
| 080 |
|
|
|a (0.034.44)
|2 2001
|
| 245 |
0 |
0 |
|a NGN - multimédiá, multimediálne ICT technológie, sieťové platformy, multimediálne služby a sieťová bezpečnosť
|h elektronický zdroj
|b projekt
|n Kurz 3
|p NGN, technológie v transportných sieťach a spojovacie technológie
|c editori: Pavol Podhradský, Peter Trúchly a kolektív autorov
|
| 246 |
3 |
0 |
|a NGN, technológie v transportných sieťach a spojovacie technológie
|
| 246 |
3 |
3 |
|a Next Generation Network - multimédiá, multimediálne ICT technológie, sieťové platformy, multimediálne služby a sieťová bezpečnosť
|
| 250 |
|
|
|a [1. vyd.]
|
| 260 |
|
|
|a Bratislava
|b TONADA
|c 2007
|
| 300 |
|
|
|a 1 elektronický optický disk (CD-ROM)
|c 12 cm
|
| 500 |
|
|
|a Projekt je spolufinancovaný Európskou úniou (Európsky sociálny fond)
|
| 500 |
|
|
|a Kód projektu v ITMS: 13120110126
|
| 500 |
|
|
|a Názov z titulnej obrazovky
|
| 516 |
|
|
|a Textový dokument (učebnica), súbory v rôznych formátoch
|
| 538 |
|
|
|a Technické požiadavky: Microsoft Internet Explorer
|
| 650 |
0 |
7 |
|a multimédiá
|2 SNKPH
|9 2022
|
| 650 |
0 |
7 |
|a informačná bezpečnosť
|2 SNKPH
|9 72884
|
| 650 |
0 |
7 |
|a NGN technológia
|2 SNKPH
|9 103567
|
| 650 |
0 |
7 |
|a počítačové siete
|2 SNKPH
|9 703
|
| 650 |
0 |
7 |
|a digitálne signály
|2 SNKPH
|9 69673
|
| 650 |
0 |
7 |
|a kódovanie
|2 SNKPH
|9 1882
|
| 655 |
|
7 |
|a CD-ROM
|2 SNKPH
|9 70236
|
| 655 |
|
7 |
|a elektronické zdroje
|2 SNKPH
|9 90954
|
| 700 |
1 |
|
|a Podhradský, Pavol,
|d 1943-
|4 edt
|9 215110
|
| 700 |
1 |
|
|a Trúchly, Peter,
|d 1972-
|4 edt
|9 297717
|
| 919 |
|
|
|a 978-80-89299-09-6
|
| 999 |
|
|
|c 914321
|d 916251
|
| 952 |
|
|
|a SNK
|b SNK
|y PREZ
|7 0
|p 17A0581542
|o snkSCDM 1777/3
|i snk2008/5283
|8 0
|0 0
|1 0
|4 0
|d 2008-03-03
|l 0
|r 2026-02-24 07:55:03
|w 2026-02-24
|